| 000 | 00509nam a2200181Ia 4500 | ||
|---|---|---|---|
| 003 | SISC | ||
| 005 | 20181204070849.0 | ||
| 008 | 181126s9999 xx 000 0 und d | ||
| 020 | _a9789710092468 | ||
| 050 |
_aBV 4529 _b.Sa519 2013 |
||
| 100 | _aSala, Harold J. | ||
| 245 |
_cHarold J. Sala _aThe Parenting map: _bnavigating the way to raising great kids/ |
||
| 260 |
_aManila : _bOMF Literature Inc. _c2013 |
||
| 300 |
_a255 pages : _c21 cm. |
||
| 650 | _aParenting | ||
| 942 |
_2lcc _cBK |
||
| 999 |
_c359482 _d359482 |
||